000 00459nam a2200193Ia 4500
003 0100
008 130307s9999 xx 000 0 und d
040 _cARRUPELIB
050 _aBL240.H715 1944
100 _aHocking, William Ernest
245 _aScience and the idea of God
260 _aChapel Hill
260 _bUniversity of North Carolina Press
260 _c1944
300 _aix
300 _b124p. 21cm.
650 _aRELIGION
942 0 0 _012
999 _c83608
_d83608